| 000 | 00424nam a2200145Ia 4500 | ||
|---|---|---|---|
| 008 | 230917s9999||||xx |||||||||||||| ||und|| | ||
| 040 |
_e144802 _aMAIN |
||
| 041 | _aEnglish | ||
| 082 | _a340.03 W693G | ||
| 100 | _aWilson, H H | ||
| 245 | 0 | _aGlossary of judicial and revenue terms and of useful words occuring in official documents | |
| 260 |
_aDelhi _bMunshiram Manoharlal _c1968 |
||
| 300 | _axxiv, 728 p. | ||
| 942 | _cBK | ||
| 999 |
_c183836 _d183836 |
||